Foreign monopoly capital in Indian economy

Gardado en:
Detalles Bibliográficos
Autor Principal: Melman, Sophia
Formato: Libro
Idioma:Undetermined
Publicado: New Delhi Peopel's Pub. House 1963
Những chủ đề:
Các nhãn: Engadir etiqueta
Sen Etiquetas, Sexa o primeiro en etiquetar este rexistro!
Thư viện lưu trữ: Trung tâm Học liệu Trường Đại học Cần Thơ
LEADER 00514nam a2200193Ia 4500
001 CTU_92581
008 210402s9999 xx 000 0 und d
082 |a 332.6 
082 |b M517 
100 |a Melman, Sophia 
245 0 |a Foreign monopoly capital in Indian economy 
245 0 |c Sophia Melman 
260 |a New Delhi 
260 |b Peopel's Pub. House 
260 |c 1963 
650 |a Investments, foreign 
650 |z India 
904 |i Nguyên 
980 |a Trung tâm Học liệu Trường Đại học Cần Thơ